| 000 | 01411nam a2200325 i 4500 | ||
|---|---|---|---|
| 001 | 182505 | ||
| 003 | ES-MaACL | ||
| 005 | 20250804030236.0 | ||
| 008 | 130910s2011 sp | |||||||| | spa d | ||
| 020 |
_a978-81-344-1396-5 _z978-81-344-1396-2 |
||
| 080 | _a929 Luis (44) XIV | ||
| 080 | _a929 Felipe (460) V | ||
| 080 | _a94(460)"1700/14"(093) | ||
| 100 | 1 |
_aBernardo Ares, José Manuel de, _d1945- _928291 |
|
| 245 | 1 | 0 |
_aDe Madrid a Versalles : _bla correspondencia bilingüe entre el Rey Sol y Felipe V durante la Guerra de Sucesión / _cJosé Manuel de Bernardo Ares, Elena Echeverría Pereda, Emilio Ortega Arjonilla. |
| 250 | _a1ª ed. | ||
| 260 |
_a[Barcelona] : _bAriel, _c2011. |
||
| 300 |
_a707 p. ; _c24 cm. |
||
| 504 | _aBibliografía: p. [669]-707. | ||
| 546 | _aTexto en español; correspondencia en español y francés. | ||
| 600 | 0 | 4 |
_aLuis _bXIV _cRey de Francia- _vCorrespondencia. _9148389 |
| 600 | 0 | 4 |
_aFelipe _bV _cRey de España- _vCorrespondencia. _9148388 |
| 650 | 7 |
_aGuerra de Sucesión española, 1700-1714 _2embne _9140912 |
|
| 700 | 1 |
_aEcheverría Pereda, Elena. _9153373 |
|
| 700 | 1 |
_aOrtega Arjonilla, Emilio. _9153374 |
|
| 852 |
_aES-MaACL _jA-12899 _9189417 _bR.149745 _cDEPO1 _dOlim: N-5899 _xDonación: José Manuel Bernardo Ares |
||
| 903 |
_aBernardo Ares, José Manuel de, _d1945- _ednr _928291 |
||
| 942 |
_2udc _cMONOGRAFIA |
||
| 999 |
_c182505 _d182505 |
||